うまい棒の味 - Statistics

General Stats
  • This quiz has been taken 289 times
  • The average score is 7 of 18
Answer Stats
Answer % Correct
コーンポタージュ
86%
たこ焼き
84%
めんたい
79%
チーズ
76%
なっとう
60%
サラミ
40%
シュガーラスク
37%
やさいサラダ
31%
チョコレート
26%
テリヤキバーガー
24%
とんかつソース
22%
やきとり
20%
エビマヨネーズ
19%
明太子
15%
のり塩
14%
牛タン塩
11%
和風ステーキ
3%
モッツァレラチーズ&カマンベールチーズ
3%
No matching quizzes found
Score Distribution
Percent of People with Each Score
Percentile by Number Answered
Your Score History
You have not taken this quiz